| 000 | 00893cam a2200205 4500 | ||
|---|---|---|---|
| 001 | WB364019 | ||
| 008 | 000000n2000 000 0 eng u | ||
| 035 | _a(Sirsi) u108771 | ||
| 245 | _aLand Registry goes mobile | ||
| 260 | _c2000 | ||
| 490 |
_aHM Land Registry Press Notice _v(24/00) 9 October 2000, (1) |
||
| 520 | _aThe Land Registry has launched a WAP (Wireless Application Protocol) service. Available to members of the public as well as property professionals, it is available for WAP enabled mobile telephones and other suitable mobile devices at http://www.landreg.gov.uk/wap/ or http://www.wappy.to/landregistry. For technical enquiries contact (020) 7331 8349. | ||
| 590 | _aWB | ||
| 650 | _aWAP-ENABLED MOBILE PHONES | ||
| 650 | _aHM LAND REGISTRY | ||
| 650 | _aHOUSE PRICES | ||
| 650 | _aPROPERTY INFORMATION | ||
| 690 | _aINFORMATION TECHNOLOGY-INTERNET | ||
| 942 | _n0 | ||
| 999 |
_c64938 _d64938 |
||